000 01667nam a22003137a 4500
005 2010101908158.0
008 101019t xxu||||| |||| 00| 0 hin d
010 _aHIN-96262 B-490921
020 _c200.00
_a9789380458335
035 _aHN-68608 B-490921
037 _bDBAD / PUB
037 _bभारतीय साहित्य भवन
040 _aDPL
_bHN
082 _a
100 _923632
_aभारद्वाज, प्रेम
245 _aइंतजार पांचवें सपने का /
_cप्रेम भारद्वाज
260 _aनई दिल्ली
_bसामयिक बुक्स
_c2012
270 _bनई दिल्ली
_a3320-21, जटवाडा़ दरियागंज,एन.एस. मार्ग,
_e110002
300 1 _a128पृ.
_c22सेमी (सजिल्द)
650 _9657
_aहिन्दी लघुकथाएँ
650 _934273
700 _948760
710 _934811
710 _935049
942 _2ddc
_cHN
_mभारद्वा
_h
999 _c67813
_d67813